| 000 | 00892naa a22002297i 4500 | ||
|---|---|---|---|
| 001 | 232402 | ||
| 003 | ES-MaBCM | ||
| 005 | 20260224094302.0 | ||
| 008 | 260219s2023 sp ||||| |||| 00| 0 spa d | ||
| 040 | _cES-MaBCM | ||
| 100 | 1 |
_aGil Gil, Alicia _918729 |
|
| 245 | 1 | 0 |
_aAportación al concepto de tortura y tratos inhumanos desde las deficiones de los crímenes contra la humanidad y de guerra _cAlicia Gil Gil |
| 504 | _aIncluye referencias bibliográficas | ||
| 650 | 7 |
_aTortura _960464 |
|
| 650 | 7 |
_aCrimen contra la humanidad _958187 |
|
| 650 | 7 |
_aDelito contra las personas _958252 |
|
| 650 | 7 |
_aDerechos humanos _958362 |
|
| 650 | 7 |
_aDerecho penal internacional _958347 |
|
| 655 | 4 |
_aJurisprudencia _9115565 |
|
| 773 | 0 |
_dValencia : Tirant lo Blanch , 2023 _gp. [49]-72 - Loc. 62618 _tLa crueldad en las constituciones y en los convenios internacionales _w225307 |
|
| 942 |
_2udc _cAMON |
||
| 999 |
_c232402 _d232402 |
||